000 00335pam a2200157a 44500
008 230515b1984 xxu||||| |||| 00| 0 eng d
020 _aNULL
041 _aENGL
082 _aCOT
100 _aH.COTTON
245 _aELECTRICAL TECHNOLOGY 7TH
250 _a7
260 _aNULL
_bC.B.S
_c1984
300 _a864 PB
650 _aNULL
999 _c658747
_d658747